Основы законодательства Союза ССР и союзных республик об аренде: приняты на второй сессии Верховного Совета СССР 23 ноября 1990 г.

Detalles Bibliográficos
Sumario:Исключено из фонда НТБ ТПУ
Lenguaje:ruso
Publicado: Москва, Изд-во"Известия Советов народных депутатов СССР", 1990
Formato: Libro
KOHA link:https://koha.lib.tpu.ru/cgi-bin/koha/opac-detail.pl?biblionumber=218750

MARC

LEADER 00000nam0a2200000 4500
001 218750
005 20231031194938.0
010 |a 5206001309 
035 |a (RuTPU)RU\TPU\book\238781 
090 |a 218750 
100 |a 20120625d1990 m y0rusy50 ca 
101 0 |a rus 
102 |a RU 
105 |a y n 000zy 
200 1 |a Основы законодательства Союза ССР и союзных республик об аренде  |e приняты на второй сессии Верховного Совета СССР 23 ноября 1990 г. 
210 |a Москва  |c Изд-во"Известия Советов народных депутатов СССР"  |d 1990 
215 |a 25 с. 
333 |a Исключено из фонда НТБ ТПУ 
801 1 |a RU  |b 63413507  |c 20120625 
801 2 |a RU  |b 63413507  |c 20170127  |g RCR 
942 |c BK